| 000 | 00462ntaaa2200181 4500 | ||
|---|---|---|---|
| 003 | 01 | ||
| 005 | 20251027201825.0 | ||
| 008 | 0714s1973 ag 01 | ||
| 040 |
_aAR-BaBN _bspa _cAR-BaBN _eaacr _dRIC |
||
| 082 | _a244.0000 Is7 | ||
| 100 |
_aIsondu (seud) _916708 |
||
| 245 | _aEscenario juvenil | ||
| 250 | _a1 ed. | ||
| 260 |
_aBuenos Aires : _bJunta Bautistta de Publicaciones, _c1933 |
||
| 300 | _a85 p | ||
| 650 |
_aliteratura espaƱola _916709 |
||
| 942 | _cBK | ||
| 999 |
_c12916 _d12916 |
||